• 首页
  • 本馆介绍
  • 公告通知
  • 最新文献
  • 馆藏检索
  • 电子资源
  • 读者导购
  • 参考咨询
  • 我的图书馆
  • 登录
  • 详细信息显示
  • 放入我的书架
  • 预约/预借图书
  • 作者相关作品
  • 分类相关作品
  • 丛书相关作品
  • 出版社相关作品

书目信息

  • 表格格式
  • 工作单格式
  • 卡片格式
题名:
白山黑水, 杏林撷珍
    
 
作者: 梁群 , 蔡昕 主编
分册:  
出版信息: 哈尔滨   黑龙江科学技术出版社  2022.07
页数: 204页
开本: 26cm
丛书名:
单 册:
中图分类: R249.74
科图分类:
主题词: 医案--yi an--中国--现代--汇编
电子资源:
ISBN: 978-7-5719-1512-4
000 01091nam0 2200253 450
001 CAL 012022016815
005 20230217093112.0
010    @a978-7-5719-1512-4@dCNY69.00
100    @a20220916d2022 em y0chiy0120 ea
101 0  @achi
102    @aCN@b230000
105    @aa z 000yy
106    @ar
200 1  @a白山黑水, 杏林撷珍@Abai shan hei shui, xing lin xie zhen@e东北名医医案精粹@f梁群, 蔡昕主编
210    @a哈尔滨@c黑龙江科学技术出版社@d2022.07
215    @a204页@c图@d26cm
330    @a本书共择录20位东三省名老中医医案, 通过对各位名家在临床中典型医案进行梳理, 分名医简介、学术思想、治法特点、医案举隅四个方面进行阐述, 并酌加按语总结。全书内容翔实, 条理清晰, 各家理论异彩纷呈, 临证颇有所得, 遺方用药大可师法。通过阅读本书, 读者可秉承经典, 汇融新知, 修学储能, 先博后渊, 多层面提高临床思维和诊疗能力。
517 1  @a东北名医医案精粹@Adong bei ming yi yi an jing cui
606 0  @a医案@Ayi an@y中国@z现代@j汇编
690    @aR249.74@v5
701  0 @a梁群@Aliang qun@4主编
701  0 @a蔡昕@Acai xin@4主编
801  0 @aCN@bBJXHZP@c20230228
905    @b1404251-4@dR249.74@e651@f4
    
    白山黑水, 杏林撷珍:东北名医医案精粹/梁群, 蔡昕主编.-哈尔滨:黑龙江科学技术出版社,2022.07
    204页:图;26cm
    
    
    ISBN 978-7-5719-1512-4:CNY69.00
    本书共择录20位东三省名老中医医案, 通过对各位名家在临床中典型医案进行梳理, 分名医简介、学术思想、治法特点、医案举隅四个方面进行阐述, 并酌加按语总结。全书内容翔实, 条理清晰, 各家理论异彩纷呈, 临证颇有所得, 遺方用药大可师法。通过阅读本书, 读者可秉承经典, 汇融新知, 修学储能, 先博后渊, 多层面提高临床思维和诊疗能力。
●
相关链接 在E读中查询图书 在五车中查询图书 在当当中查询图书 在豆瓣中查询图书


正题名:白山黑水, 杏林撷珍     索取号:R249.74/651         预约/预借

序号 登录号 条形码 馆藏地/架位号 状态 备注
1 1404251   214042515   第二样本阅览室/ [索取号:R249.74/651] 在馆    
2 1404252   214042524   第三借阅区/ [索取号:R249.74/651] 在馆    
3 1404253   214042533   第三借阅区/ [索取号:R249.74/651] 在馆    
4 1404254   214042542   第三借阅区/ [索取号:R249.74/651] 在馆    
唐山师范学院图书馆 欢迎您!
大连网信软件有限公司© 版权所有